000 01377nam a2200265Ia 4500
999 _c37639
_d37639
001 3611
003 GE_BSU
005 20190624154426.0
008 181216s2010||||ge |||||||||||||| ||geo||
020 _a9789941915727
040 _cGE_BSU
041 _ageo
080 _a340.1 ვ–26
100 _aვაჩეიშვილი, ალექსანდრე
_92833
245 _aსამართლის ზოგადი თეორია /
_cალ. ვაჩეიშვილი ; რედ.: ო. გამყრელიძე, მ. მარინაშვილი ; თინათინ წერეთლის სახელმწიფოსა და სამართლის ინ-ტი.
264 _aთბილისი :
_bსამართალი,
_c2010.
300 _a235 გვ.
_b20 სმ.
501 _a ავტორთა საძ.: გვ. 231-233.
504 _aბიბლიოგრ. ტექსტ. შენიშენ.
653 _aსამართლის თეორია
700 _aგამყრელიძე, ოთარ
_eრედაქტორი
_92834
700 _aმარინაშვილი, მარინა
_eრედაქტორი
_92835
710 _aსახელმწიფოსა და სამართლის ინ-ტი
_9173
942 _cBK
_2udc